| Registos Bibliográficos associados ao registo de autoridade |
|
Etiqueta de registo: 00254nam 2200025 450 001 2286649 003 http://id.bnportugal.gov.pt/bib/catbnp/2286649 100 ## $a20260521d2024 k y0pory01030103ba 101 0# $aspa$deng$dpor 102 ## $aPT 105 ## $aa m 001yy 106 ## $ar 200 1# $aVózrtice$e ( re)velaciones íntimas de una travesía$eentre el vocear - escuchar - sentir - pensar$fMaría Josefina Azócar Fuentes$gorient. Gustavo Alexandre da Silva Vidal Vicente, Paula Maria Aristides de Oliveira
Molinari 210 #9 $aLisboa$c[s.n.],$d2024 215 ## $a254 p.$cil.$d30 cm 300 ## $aAcesso não autorizado por um período de 3 anos 328 ## $aTese dout. Estudos de Teatro, Faculdade de Letras da Universidade de Lisboa, 2024 675 ## $a792.01/.02(043)$vBN$zpor$31375926 700 #1 $aAzócar Fuentes,$bMaría Josefina$31998969 702 #1 $92$aVicente$bGustavo Alexandre da Silva Vidal$4727$31910192 702 #1 $aMolinari,$bPaula Maria Aristides de Oliveira$4727$31998970 801 #0 $aPT$bBN$gRPC 966 ## $lBN$mFGMON$sB.A. 53826 V.$x1 972 ## $e0$z0$d20260618$vasantos 973 ## $csteixeira$d20260609 975 ## $e0$d20260619$viquintas
|
|
|